Too far to walk
Guardat en:
| Autor principal: | |
|---|---|
| Format: | Llibre |
| Idioma: | Undetermined |
| Publicat: |
New York, Estados Unidos
Alfred A. Knopf
1966
|
| Matèries: | |
| Etiquetes: |
Afegir etiqueta
Sense etiquetes, Sigues el primer a etiquetar aquest registre!
|
MARC
| LEADER | 00000nam a2200000Ia 4500 | ||
|---|---|---|---|
| 008 | 170316s9999 xx 000 0 und d | ||
| 040 | |a cru BVZT | ||
| 090 | |a 810 H-18t | ||
| 100 | |a Hersy, John | ||
| 245 | |a Too far to walk | ||
| 260 | |a New York, Estados Unidos | ||
| 260 | |b Alfred A. Knopf | ||
| 260 | |c 1966 | ||
| 300 | |a 246 páginas | ||
| 650 | |a LITERATURA ESTADOUNIDENSE | ||
| 999 | |c 5732 |d 5732 | ||
| 942 | |c 15 D |h 810 H-18t |2 z | ||
